Statistics for Largest cities in Benin

Click here to take the quiz!

General Stats

  • This quiz has been taken 88 times
  • The average score is 3 of 5

Answer Stats

PopulationCity% Correct
264,320Porto-Novo
98%
679,012Cotonou
91%
255,478Parakou
47%
117,824Abomey
33%
253,262Godomey
16%

Score Distribution

Percentile by Number Answered

Percent of People with Each Score

Your Score History

You have not taken this quiz